| 000 | 00965cam a2200229 4500 | ||
|---|---|---|---|
| 001 | ABS63715 | ||
| 008 | 000000n2001 000 0 eng u | ||
| 035 | _a(Sirsi) u111724 | ||
| 100 | _aVatidis, S. | ||
| 245 | 2 | _aA window on the FM world | |
| 260 | _c2001 | ||
| 490 |
_aEstates Gazette _v(0112) 24 March 2001, 147(1) |
||
| 520 | _aSuggests that a growing number of senior property people are beginning to recognise the importance of internet-based technologies. Highlights the potential benefits of these technologies. For instance, intranets, extranets and application service providers (ASPs) enable facilities managers to access their databases and obtain current data at any time, and in any location. | ||
| 590 | _aABS | ||
| 650 | _aEBUSINESS | ||
| 650 | _aEXTRANETS | ||
| 650 | _aAPPLICATION SERVICE PROVIDERS | ||
| 650 | _aFACILITIES MANAGERS | ||
| 650 | _aDOCUMENT IMAGE SYSTEMS | ||
| 690 | _aINFORMATION TECHNOLOGY-INTERNET | ||
| 942 | _n0 | ||
| 999 |
_c66564 _d66564 |
||